[Event "Katowice POL-HUN 10th"]
[Site "Katowice"]
[Date "2023.09.09"]
[Round "1"]
[White "Nguyen Doan, Quoc Anh"]
[Black "Sieciechowicz, Marcin"]
[Result "0-1"]
[WhiteElo "1366"]
[BlackElo "2398"]
[PlyCount "46"]
[EventDate "2023.09.09"]
[EventType "swiss (rapid)"]
[EventRounds "9"]
[EventCountry "POL"]
[SourceTitle "EXT 2024"]
[Source "ChessBase"]
[SourceDate "2023.10.10"]
[SourceVersion "1"]
[SourceVersionDate "2023.10.10"]
[SourceQuality "1"]

1. e4 e6 2. d4 d5 3. Nc3 Bb4 4. e5 c5 5. a3 Bxc3+ 6. bxc3 Qa5 7. Bd2 Qa4 8. Nf3 Nc6 9. Be2 cxd4 10. cxd4 Nxd4 11. Nxd4 Qxd4 12. f4 Ne7 13. Rb1 Nc6 14. Bd3 b6 15. Qg4 Nxe5 16. Bb5+ Bd7 17. Bxd7+ Kxd7 18. Qg3 Nc4 19. Rd1 Qe4+ 20. Kf2 Qxc2 21. Qxg7 Nxd2 22. Qxf7+ Kd6 23. Rhe1 Ne4+ 0-1